000 00771cam a2200193 4500
001 WS104698
008 000000n 000 0 eng u
035 _a(Sirsi) u104698
110 1 _aEmap Construct Ltd
_93840
245 _aConstruction News
520 _aWeb site for this journal giving product and company directories, searchable archives and job adverts. Also includes a section listing the key contract clauses with explanations and the latest precedents.
650 _aJOURNALS
650 _aBUILT ENVIRONMENT-BUILDING MATERIALS
650 _aBUILT ENVIRONMENT-BUILDING MATERIALS
650 _aCONTRACT CLAUSES
690 _aBUILT ENVIRONMENT
856 4 0 _uhttps://www.cnplus.co.uk/
_zView the website free of charge at www.cnplus.co.uk/...
942 _n0
999 _c119442
_d119442